Statystyki dla BAZOWKI KGD

Kliknij tutaj aby rozwiązać quiz!

Ogólne statystyki

  • Ten quiz został rozwiązany 12 razy
  • Średni wynik to 55 z 59

Statystyki odpowiedzi

Odpowiedź% Poprawnych
arteria axillaris
100%
arteria brachialis
100%
arteria femoralis
100%
arteria poplitea
100%
arteria radialis
100%
arteria tibialis anterior
100%
arteria tibialis posterior
100%
arteria ulnaris
100%
hypothenar
100%
musculus adductor magnus
100%
musculus biceps brachii
100%
musculus brachioradialis
100%
musculus deltoideus
100%
musculus erector spinae
100%
musculus flexor carpi radialis
100%
musculus flexor carpi ulnaris
100%
musculus flexor digitorum profundus
100%
musculus flexor digitorum superficialis
100%
musculus gastrocnemius
100%
musculus gluteus maximus
100%
musculus gluteus medius
100%
musculus gluteus minimus
100%
musculus iliacus
100%
musculus infraspinatus
100%
musculus latissimus dorsi
100%
musculus psoas major
100%
musculus quadriceps femoris
100%
musculus sartorius
100%
musculus soleus
100%
musculus subscapularis
100%
musculus supraspinatus
100%
musculus tibialis anterior
100%
musculus trapezius
100%
musculus triceps brachii
100%
nervus femoralis
100%
nervus fibularis communis
100%
nervus ischiadicus
100%
nervus medianus
100%
nervus musculocutaneus
100%
nervus radialis
100%
nervus tibialis
100%
nervus ulnaris
100%
thenar
100%
tractus iliotibialis
100%
unguis digiti manus
100%
unguis digiti pedis
100%
vena basilica
100%
vena cephalica
100%
vena femoralis
100%
vena poplitea
100%
vena saphena magna
100%
ligamentum patellae
67%
musculus serratus anterior
67%
tendo Achillis
67%
unguis hallucis
67%
unguis pollicis
67%
ligamentum cruciatum anterius
33%
ligamentum cruciatum posterius
33%
musculus extensor digitorum, membrum superius
33%

Rozkład punktacji

Percentyl według liczby udzielonych odpowiedzi

Procent ludzi z każdym wynikiem

Twoja historia wyników

Nie rozwiązałeś tego quizu